000 01456nam a22003494a 4500
001 ebr10057387
003 CaPaEBR
006 m u
007 cr cn|||||||||
008 011009s2002 enk sb 001 0deng
010 _z 2001054890
020 _z0333947096
040 _aCaPaEBR
_cCaPaEBR
035 _a(OCoLC)559242712
050 1 4 _aUA647
_b.D736 2002eb
082 0 4 _a355/.033541/09048
_221
100 1 _aDorman, Andrew M.,
_d1966-
245 1 0 _aDefence under Thatcher
_h[electronic resource] /
_cAndrew M. Dorman ; foreword by Michael Clarke.
260 _aHoundmills, Basingstoke, Hampshire ;
_aNew York :
_bPalgrave,
_c2002.
300 _axiii, 219 p.
490 1 _aSouthampton studies in international policy
504 _aIncludes bibliographical references (p. 198-213) and index.
533 _aElectronic reproduction.
_bPalo Alto, Calif. :
_cebrary,
_d2013.
_nAvailable via World Wide Web.
_nAccess may be limited to ebrary affiliated libraries.
600 1 0 _aThatcher, Margaret
_xMilitary leadership.
651 0 _aGreat Britain
_xMilitary policy.
651 0 _aGreat Britain
_xDefenses.
651 0 _aGreat Britain
_xPolitics and government
_y1979-1997.
655 7 _aElectronic books.
_2local
710 2 _aebrary, Inc.
830 0 _aSouthampton studies in international policy.
856 4 0 _uhttp://site.ebrary.com/lib/rucke/Doc?id=10057387
_zAn electronic book accessible through the World Wide Web; click to view
999 _c172687
_d172687